000 00497nam a2200181 i 4500
001 87737
003 ES-MaACL
005 20230906175729.0
007 t|
008 041223s1971 ag ||||1| spa d
100 1 _aLabin, Suzanne.
_969237
245 1 0 _aHippies, drogas y sexo /
_cSuzanne Labin ; [versión C. Castro].
250 _a[1ª ed.].
260 _aBarcelona :
_bCaralt,
_c[1971]
300 _a348 p. ;
_c20 cm.
700 1 _aCastro, C.
_936835
852 _aES-MaACL
_jC-45787
_bR.80086
999 _c87737
_d87737